[Event "Rapid Tournament (RAP)"]
[Site "Biel, CH"]
[Date "2025.07.13"]
[Round "9"]
[White "De Gregorio, Alexis"]
[Black "Jordan, Christina"]
[Result "1-0"]
[Board "29"]
[WhiteFideId "1310054"]
[BlackFideId "1347977"]
[WhiteElo "2032"]
[BlackElo "1710"]
[WhiteTeam "SUI"]
[BlackTeam "SUI"]
[WhiteClock "0:00:27"]
[BlackClock "0:01:01"]
[Variant "Standard"]

1. d4 {[%clk 0:15:07]}  d5 {[%clk 0:15:09]} 2. c4 {[%clk 0:15:09]}  c6 {[%clk 0:15:13]} 3. Nf3 {[%clk 0:15:12]}  Nf6 {[%clk 0:15:17]} 4. Nc3 {[%clk 0:15:14]}  e6 {[%clk 0:15:21]} 5. e3 {[%clk 0:15:14]}  Nbd7 {[%clk 0:15:21]} 6. Be2 {[%clk 0:15:12]}  Bd6 {[%clk 0:15:20]} 7. O-O {[%clk 0:15:02]}  O-O {[%clk 0:15:19]} 8. Qc2 {[%clk 0:15:08]}  dxc4 {[%clk 0:15:04]} 9. Bxc4 {[%clk 0:15:08]}  b5 {[%clk 0:15:08]} 10. Bd3 {[%clk 0:15:03]}  Bb7 {[%clk 0:15:12]} 11. Rd1 {[%clk 0:13:45]}  Qe7 {[%clk 0:14:16]} 12. h3 {[%clk 0:11:59]}  a6 {[%clk 0:14:10]} 13. e4 {[%clk 0:11:27]}  e5 {[%clk 0:14:06]} 14. Be3 {[%clk 0:11:23]}  exd4 {[%clk 0:13:32]} 15. Bxd4 {[%clk 0:10:50]}  Ne5 {[%clk 0:13:01]} 16. Nxe5 {[%clk 0:08:55]}  Bxe5 {[%clk 0:13:05]} 17. Bxe5 {[%clk 0:08:35]}  Qxe5 {[%clk 0:13:07]} 18. Ne2 {[%clk 0:08:22]}  Nh5 {[%clk 0:11:18]} 19. Rac1 {[%clk 0:08:15]}  Nf4 {[%clk 0:10:50]} 20. Nxf4 {[%clk 0:08:08]}  Qxf4 {[%clk 0:10:52]} 21. Qd2 {[%clk 0:07:21]}  Qe5 {[%clk 0:10:32]} 22. Bb1 {[%clk 0:07:04]}  Rac8 {[%clk 0:09:24]} 23. f4 {[%clk 0:05:48]}  Qc7 {[%clk 0:08:38]} 24. Qf2 {[%clk 0:05:43]}  c5 {[%clk 0:08:22]} 25. e5 {[%clk 0:05:21]}  Qe7 {[%clk 0:07:13]} 26. Rd6 {[%clk 0:05:08]}  c4 {[%clk 0:06:54]} 27. Qd4 {[%clk 0:04:11]}  Rfd8 {[%clk 0:06:02]} 28. Rd1 {[%clk 0:03:47]}  Rxd6 {[%clk 0:05:33]} 29. Qxd6 {[%clk 0:03:44]}  Qxd6 {[%clk 0:04:18]} 30. Rxd6 {[%clk 0:03:09]}  g6 {[%clk 0:03:52]} 31. g4 {[%clk 0:02:05]}  Kf8 {[%clk 0:03:37]} 32. Bc2 {[%clk 0:01:27]}  Ke7 {[%clk 0:03:16]} 33. Kf2 {[%clk 0:01:27]}  Rd8 {[%clk 0:02:56]} 34. Rxd8 {[%clk 0:01:29]}  Kxd8 {[%clk 0:03:00]} 35. Ke3 {[%clk 0:01:33]}  Bg2 {[%clk 0:02:49]} 36. h4 {[%clk 0:01:34]}  Kd7 {[%clk 0:02:36]} 37. Be4 {[%clk 0:01:27]}  Bxe4 {[%clk 0:02:02]} 38. Kxe4 {[%clk 0:01:30]}  Kc6 {[%clk 0:01:50]} 39. Kd4 {[%clk 0:01:24]}  a5 {[%clk 0:01:37]} 40. a4 {[%clk 0:01:18]}  h6 {[%clk 0:01:06]} 41. f5 {[%clk 0:00:28]}  bxa4 {[%clk 0:00:43]} 42. Kxc4 {[%clk 0:00:59]}  h5 {[%clk 0:00:31]} 43. fxg6 {[%clk 0:00:56]}  fxg6 {[%clk 0:00:35]} 44. gxh5 {[%clk 0:00:58]}  gxh5 {[%clk 0:00:39]} 45. Kd4 {[%clk 0:00:37]}  Kd7 {[%clk 0:00:40]} 46. Kd5 {[%clk 0:00:39]}  Ke7 {[%clk 0:00:44]} 47. e6 {[%clk 0:00:25]}  Ke8 {[%clk 0:00:46]} 48. Kd6 {[%clk 0:00:12]}  Kd8 {[%clk 0:00:50]} 49. e7+ {[%clk 0:00:15]}  Ke8 {[%clk 0:00:54]} 50. Ke6 {[%clk 0:00:18]}  a3 {[%clk 0:00:58]} 51. bxa3 {[%clk 0:00:22]}  a4 {[%clk 0:01:01]} 52. Kf6 {[%clk 0:00:27]} 1-0

[Event "Rapid Tournament (RAP)"]
[Site "Biel, CH"]
[Date "2025.07.13"]
[Round "9"]
[White "Smith, Alister W"]
[Black "Laub, Patrick"]
[Result "0-1"]
[Board "30"]
[WhiteFideId "433284"]
[BlackFideId "1302566"]
[WhiteElo "1822"]
[BlackElo "2018"]
[WhiteTeam "ENG"]
[BlackTeam "SUI"]
[WhiteClock "0:04:59"]
[BlackClock "0:06:02"]
[Variant "Standard"]

1. c4 {[%clk 0:15:08]}  d6 {[%clk 0:15:08]} 2. Nc3 {[%clk 0:15:10]}  e5 {[%clk 0:15:07]} 3. g3 {[%clk 0:15:12]}  Nf6 {[%clk 0:15:10]} 4. Bg2 {[%clk 0:15:15]}  g6 {[%clk 0:15:08]} 5. e4 {[%clk 0:14:45]}  Bg7 {[%clk 0:14:48]} 6. Nge2 {[%clk 0:14:48]}  O-O {[%clk 0:14:37]} 7. O-O {[%clk 0:14:50]}  c6 {[%clk 0:13:53]} 8. d4 {[%clk 0:14:43]}  Nbd7 {[%clk 0:14:02]} 9. d5 {[%clk 0:14:37]}  c5 {[%clk 0:12:48]} 10. a4 {[%clk 0:14:14]}  b6 {[%clk 0:12:49]} 11. Nb5 {[%clk 0:14:00]}  Ne8 {[%clk 0:12:38]} 12. Qc2 {[%clk 0:13:21]}  a6 {[%clk 0:12:40]} 13. Nbc3 {[%clk 0:13:24]}  f5 {[%clk 0:12:28]} 14. exf5 {[%clk 0:13:19]}  gxf5 {[%clk 0:12:05]} 15. Be3 {[%clk 0:12:34]}  Ndf6 {[%clk 0:12:30]} 16. Bh3 {[%clk 0:12:18]}  Ng4 {[%clk 0:12:13]} 17. Bxg4 {[%clk 0:12:07]}  fxg4 {[%clk 0:12:17]} 18. Qd2 {[%clk 0:10:51]}  Rb8 {[%clk 0:11:17]} 19. Ne4 {[%clk 0:11:33]}  Bf5 {[%clk 0:10:30]} 20. N2c3 {[%clk 0:11:02]}  Nf6 {[%clk 0:10:05]} 21. Nxf6+ {[%clk 0:10:22]}  Qxf6 {[%clk 0:09:49]} 22. Bg5 {[%clk 0:10:11]}  Qg6 {[%clk 0:08:06]} 23. Rfd1 {[%clk 0:08:10]}  h6 {[%clk 0:09:45]} 24. Be3 {[%clk 0:08:13]}  h5 {[%clk 0:09:39]} 25. a5 {[%clk 0:07:43]}  b5 {[%clk 0:09:41]} 26. cxb5 {[%clk 0:07:44]}  axb5 {[%clk 0:09:45]} 27. a6 {[%clk 0:07:44]}  b4 {[%clk 0:09:40]} 28. Ne2 {[%clk 0:07:23]}  Rf7 {[%clk 0:08:52]} 29. Ra5 {[%clk 0:07:04]}  Bf6 {[%clk 0:08:55]} 30. a7 {[%clk 0:07:01]}  Ra8 {[%clk 0:08:57]} 31. Rda1 {[%clk 0:07:05]}  Bd8 {[%clk 0:08:47]} 32. Ra6 {[%clk 0:05:33]}  Bd3 {[%clk 0:06:40]} 33. Bxc5 {[%clk 0:05:06]}  Bxa6 {[%clk 0:06:55]} 34. Rxa6 {[%clk 0:04:59]}  Qb1+ {[%clk 0:06:02]} 0-1

[Event "Rapid Tournament (RAP)"]
[Site "Biel, CH"]
[Date "2025.07.13"]
[Round "9"]
[White "Wuerth, Thomas"]
[Black "Nihal Saheer"]
[Result "1-0"]
[Board "31"]
[WhiteFideId "1305379"]
[BlackFideId "531012086"]
[WhiteElo "1954"]
[BlackElo "1615"]
[WhiteTeam "SUI"]
[BlackTeam "IND"]
[WhiteClock "0:00:09"]
[BlackClock "0:00:45"]
[Variant "Standard"]

1. e4 {[%clk 0:15:07]}  c6 {[%clk 0:15:09]} 2. d4 {[%clk 0:15:11]}  d5 {[%clk 0:15:13]} 3. exd5 {[%clk 0:15:12]}  cxd5 {[%clk 0:15:18]} 4. Bd3 {[%clk 0:15:14]}  Nc6 {[%clk 0:15:22]} 5. c3 {[%clk 0:15:18]}  e5 {[%clk 0:15:23]} 6. dxe5 {[%clk 0:15:18]}  Nxe5 {[%clk 0:15:27]} 7. Bb5+ {[%clk 0:14:48]}  Nc6 {[%clk 0:14:42]} 8. Nf3 {[%clk 0:14:25]}  Bg4 {[%clk 0:14:38]} 9. Qa4 {[%clk 0:14:12]}  Qe7+ {[%clk 0:14:01]} 10. Be3 {[%clk 0:14:08]}  Bd7 {[%clk 0:13:21]} 11. O-O {[%clk 0:13:18]}  Qd8 {[%clk 0:12:39]} 12. Re1 {[%clk 0:11:29]}  Be7 {[%clk 0:12:23]} 13. Nd4 {[%clk 0:09:55]}  Qc7 {[%clk 0:11:08]} 14. Nd2 {[%clk 0:09:05]}  Nf6 {[%clk 0:10:47]} 15. N2f3 {[%clk 0:06:36]}  a6 {[%clk 0:09:58]} 16. Nxc6 {[%clk 0:05:13]}  bxc6 {[%clk 0:09:27]} 17. Bc5 {[%clk 0:03:57]}  O-O {[%clk 0:07:04]} 18. Bxe7 {[%clk 0:03:55]}  axb5 {[%clk 0:07:02]} 19. Qh4 {[%clk 0:03:51]}  Ne4 {[%clk 0:05:24]} 20. Bxf8 {[%clk 0:03:15]}  Rxf8 {[%clk 0:05:27]} 21. Ng5 {[%clk 0:03:00]}  Nxg5 {[%clk 0:05:25]} 22. Qxg5 {[%clk 0:03:04]}  Be6 {[%clk 0:05:17]} 23. a4 {[%clk 0:02:12]}  Qd7 {[%clk 0:04:52]} 24. a5 {[%clk 0:01:59]}  c5 {[%clk 0:04:17]} 25. a6 {[%clk 0:01:54]}  h6 {[%clk 0:04:03]} 26. Qe5 {[%clk 0:01:49]}  Ra8 {[%clk 0:03:53]} 27. Ra5 {[%clk 0:01:15]}  d4 {[%clk 0:03:02]} 28. cxd4 {[%clk 0:00:59]}  cxd4 {[%clk 0:03:04]} 29. Qxb5 {[%clk 0:00:28]}  Qxb5 {[%clk 0:02:53]} 30. Rxb5 {[%clk 0:00:33]}  Rxa6 {[%clk 0:02:57]} 31. h3 {[%clk 0:00:32]}  Rd6 {[%clk 0:02:39]} 32. Rd1 {[%clk 0:00:33]}  d3 {[%clk 0:02:43]} 33. Rd2 {[%clk 0:00:37]}  Kf8 {[%clk 0:02:34]} 34. Rb8+ {[%clk 0:00:34]}  Ke7 {[%clk 0:02:28]} 35. b4 {[%clk 0:00:38]}  Bf5 {[%clk 0:02:27]} 36. b5 {[%clk 0:00:39]}  Rd5 {[%clk 0:02:06]} 37. b6 {[%clk 0:00:43]}  Rc5 {[%clk 0:01:48]} 38. Rb2 {[%clk 0:00:24]}  Rc2 {[%clk 0:01:24]} 39. Rxc2 {[%clk 0:00:27]}  dxc2 {[%clk 0:01:24]} 40. Rb7+ {[%clk 0:00:17]}  Kd8 {[%clk 0:00:55]} 41. Rc7 {[%clk 0:00:21]}  Bg6 {[%clk 0:00:49]} 42. Kf1 {[%clk 0:00:22]}  Be4 {[%clk 0:00:48]} 43. f3 {[%clk 0:00:25]}  Bd3+ {[%clk 0:00:45]} 44. Ke1 {[%clk 0:00:09]} 1-0

[Event "Rapid Tournament (RAP)"]
[Site "Biel, CH"]
[Date "2025.07.13"]
[Round "9"]
[White "Lang, Fabian"]
[Black "Wilhelm, Serge"]
[Result "1/2-1/2"]
[Board "32"]
[WhiteFideId "1310160"]
[BlackFideId "1305808"]
[WhiteElo "1892"]
[BlackElo "1947"]
[WhiteTeam "SUI"]
[BlackTeam "SUI"]
[WhiteClock "0:14:03"]
[BlackClock "0:14:43"]
[Variant "Standard"]

1. d4 {[%clk 0:15:07]}  Nf6 {[%clk 0:15:09]} 2. Nf3 {[%clk 0:15:10]}  e6 {[%clk 0:15:13]} 3. e3 {[%clk 0:15:10]}  b6 {[%clk 0:15:15]} 4. Bd3 {[%clk 0:15:09]}  Bb7 {[%clk 0:15:19]} 5. Nbd2 {[%clk 0:15:11]}  d5 {[%clk 0:15:21]} 6. Qe2 {[%clk 0:15:07]}  Nbd7 {[%clk 0:15:14]} 7. e4 {[%clk 0:14:56]}  dxe4 {[%clk 0:15:11]} 8. Nxe4 {[%clk 0:14:59]}  Nxe4 {[%clk 0:14:41]} 9. Bxe4 {[%clk 0:15:02]}  Bxe4 {[%clk 0:14:44]} 10. Qxe4 {[%clk 0:15:04]}  Be7 {[%clk 0:14:43]} 11. Qc6 {[%clk 0:14:03]} 1/2-1/2

[Event "Rapid Tournament (RAP)"]
[Site "Biel, CH"]
[Date "2025.07.13"]
[Round "9"]
[White "Cordes, Jule"]
[Black "Anetov, Aisultan"]
[Result "0-1"]
[Board "33"]
[WhiteFideId "1060708"]
[BlackFideId "13784943"]
[WhiteElo "1946"]
[BlackElo "1610"]
[WhiteTeam "NED"]
[BlackTeam "KAZ"]
[WhiteClock "0:00:06"]
[BlackClock "0:00:46"]
[Variant "Standard"]

1. d4 {[%clk 0:15:09]}  d5 {[%clk 0:15:10]} 2. c4 {[%clk 0:15:13]}  e6 {[%clk 0:15:14]} 3. Nc3 {[%clk 0:15:17]}  Nf6 {[%clk 0:15:19]} 4. Bg5 {[%clk 0:15:20]}  Be7 {[%clk 0:15:23]} 5. e3 {[%clk 0:15:23]}  c6 {[%clk 0:15:28]} 6. Nf3 {[%clk 0:15:23]}  O-O {[%clk 0:15:29]} 7. Rc1 {[%clk 0:15:24]}  Nbd7 {[%clk 0:15:30]} 8. Bd3 {[%clk 0:15:25]}  h6 {[%clk 0:15:35]} 9. Bh4 {[%clk 0:15:29]}  Re8 {[%clk 0:15:34]} 10. O-O {[%clk 0:15:23]}  dxc4 {[%clk 0:15:36]} 11. Bxc4 {[%clk 0:15:26]}  b5 {[%clk 0:15:41]} 12. Bd3 {[%clk 0:15:29]}  Bb7 {[%clk 0:15:45]} 13. Bxf6 {[%clk 0:14:49]}  Nxf6 {[%clk 0:15:48]} 14. Ne4 {[%clk 0:14:52]}  Nd5 {[%clk 0:15:41]} 15. Nc5 {[%clk 0:14:11]}  Bxc5 {[%clk 0:15:45]} 16. Rxc5 {[%clk 0:14:10]}  Rc8 {[%clk 0:15:44]} 17. Bb1 {[%clk 0:13:33]}  Nf6 {[%clk 0:15:07]} 18. Qd3 {[%clk 0:09:36]}  Qd6 {[%clk 0:15:07]} 19. Rfc1 {[%clk 0:09:29]}  Qf8 {[%clk 0:14:07]} 20. Ne5 {[%clk 0:09:25]}  Red8 {[%clk 0:13:52]} 21. Nxc6 {[%clk 0:08:51]}  Bxc6 {[%clk 0:13:56]} 22. Rxc6 {[%clk 0:08:55]}  Rxc6 {[%clk 0:13:58]} 23. Rxc6 {[%clk 0:08:59]}  Qb4 {[%clk 0:13:55]} 24. Qc3 {[%clk 0:08:41]}  Qa4 {[%clk 0:13:52]} 25. b3 {[%clk 0:08:05]}  Qa3 {[%clk 0:13:31]} 26. h3 {[%clk 0:05:29]}  Nd5 {[%clk 0:13:16]} 27. Qc1 {[%clk 0:04:59]}  Qa5 {[%clk 0:11:37]} 28. Rc8 {[%clk 0:04:57]}  g6 {[%clk 0:11:18]} 29. Rxd8+ {[%clk 0:04:27]}  Qxd8 {[%clk 0:11:22]} 30. Bd3 {[%clk 0:04:31]}  Qa5 {[%clk 0:10:13]} 31. a3 {[%clk 0:03:33]}  b4 {[%clk 0:09:52]} 32. axb4 {[%clk 0:03:43]}  Qxb4 {[%clk 0:09:38]} 33. Bc4 {[%clk 0:03:14]}  Nc3 {[%clk 0:09:38]} 34. Qd2 {[%clk 0:02:48]}  Qa5 {[%clk 0:09:42]} 35. Qb2 {[%clk 0:02:35]}  Ne4 {[%clk 0:09:33]} 36. b4 {[%clk 0:02:21]}  Qa4 {[%clk 0:09:28]} 37. Be2 {[%clk 0:02:23]}  Qc6 {[%clk 0:09:09]} 38. b5 {[%clk 0:02:22]}  Qc7 {[%clk 0:09:10]} 39. Bd3 {[%clk 0:02:09]}  Nd6 {[%clk 0:08:58]} 40. e4 {[%clk 0:01:40]}  Qb6 {[%clk 0:08:45]} 41. e5 {[%clk 0:00:45]}  Ne8 {[%clk 0:08:48]} 42. Qc3 {[%clk 0:00:33]}  Nc7 {[%clk 0:08:45]} 43. Qc5 {[%clk 0:00:25]}  Qa5 {[%clk 0:07:51]} 44. Kh2 {[%clk 0:00:29]}  Nd5 {[%clk 0:07:39]} 45. Be4 {[%clk 0:00:18]}  Nb6 {[%clk 0:07:43]} 46. d5 {[%clk 0:00:15]}  Qe1 {[%clk 0:07:18]} 47. f3 {[%clk 0:00:08]}  exd5 {[%clk 0:07:07]} 48. Bd3 {[%clk 0:00:07]}  Qxe5+ {[%clk 0:07:21]} 49. g3 {[%clk 0:00:10]}  Kg7 {[%clk 0:06:53]} 50. Kg2 {[%clk 0:00:10]}  h5 {[%clk 0:06:43]} 51. Qc2 {[%clk 0:00:14]}  Qf6 {[%clk 0:06:11]} 52. f4 {[%clk 0:00:14]}  h4 {[%clk 0:06:12]} 53. f5 {[%clk 0:00:10]}  hxg3 {[%clk 0:06:09]} 54. Kxg3 {[%clk 0:00:14]}  Qg5+ {[%clk 0:06:07]} 55. Kh2 {[%clk 0:00:12]}  Qf4+ {[%clk 0:06:10]} 56. Kg2 {[%clk 0:00:16]}  g5 {[%clk 0:05:37]} 57. Qa2 {[%clk 0:00:12]}  Qc7 {[%clk 0:05:21]} 58. Qd2 {[%clk 0:00:12]}  f6 {[%clk 0:05:18]} 59. Qe2 {[%clk 0:00:15]}  Nc4 {[%clk 0:05:15]} 60. Qh5 {[%clk 0:00:09]}  Ne5 {[%clk 0:05:13]} 61. Be2 {[%clk 0:00:07]}  Qc2 {[%clk 0:05:02]} 62. h4 {[%clk 0:00:10]}  Qe4+ {[%clk 0:05:04]} 63. Kf1 {[%clk 0:00:10]}  Qxf5+ {[%clk 0:05:05]} 64. Ke1 {[%clk 0:00:10]}  Qf4 {[%clk 0:04:43]} 65. hxg5 {[%clk 0:00:10]}  Qxg5 {[%clk 0:04:46]} 66. Qe8 {[%clk 0:00:10]}  Qg3+ {[%clk 0:04:17]} 67. Kd1 {[%clk 0:00:07]}  Qg1+ {[%clk 0:04:17]} 68. Kd2 {[%clk 0:00:11]}  Qd4+ {[%clk 0:04:15]} 69. Ke1 {[%clk 0:00:07]}  Qh4+ {[%clk 0:03:53]} 70. Kd2 {[%clk 0:00:09]}  Qg5+ {[%clk 0:03:50]} 71. Ke1 {[%clk 0:00:10]}  Qg6 {[%clk 0:03:44]} 72. Qa8 {[%clk 0:00:08]}  Qf7 {[%clk 0:03:40]} 73. Qd8 {[%clk 0:00:07]}  Qe6 {[%clk 0:03:27]} 74. Qc7+ {[%clk 0:00:08]}  Qd7 {[%clk 0:03:29]} 75. Qc5 {[%clk 0:00:09]}  d4 {[%clk 0:03:30]} 76. Kd2 {[%clk 0:00:07]}  d3 {[%clk 0:03:24]} 77. Bd1 {[%clk 0:00:06]}  Qf7 {[%clk 0:03:17]} 78. b6 {[%clk 0:00:06]}  axb6 {[%clk 0:03:14]} 79. Qg1+ {[%clk 0:00:09]}  Qg6 {[%clk 0:03:16]} 80. Qf2 {[%clk 0:00:08]}  Nc4+ {[%clk 0:03:18]} 81. Kc3 {[%clk 0:00:08]}  Ne5 {[%clk 0:02:45]} 82. Qxb6 {[%clk 0:00:09]}  Qf7 {[%clk 0:02:21]} 83. Bb3 {[%clk 0:00:10]}  Qd7 {[%clk 0:01:24]} 84. Qg1+ {[%clk 0:00:11]}  Ng6 {[%clk 0:01:27]} 85. Qd4 {[%clk 0:00:08]}  Qxd4+ {[%clk 0:01:22]} 86. Kxd4 {[%clk 0:00:12]}  Ne5 {[%clk 0:01:27]} 87. Ba4 {[%clk 0:00:09]}  Kg6 {[%clk 0:01:15]} 88. Bb5 {[%clk 0:00:08]}  Kg5 {[%clk 0:00:58]} 89. Ba4 {[%clk 0:00:06]}  Kf4 {[%clk 0:00:59]} 90. Bb5 {[%clk 0:00:09]}  f5 {[%clk 0:00:59]} 91. Ba6 {[%clk 0:00:08]}  Kf3 {[%clk 0:00:41]} 92. Bb5 {[%clk 0:00:08]}  f4 {[%clk 0:00:37]} 93. Kxe5 {[%clk 0:00:10]}  d2 {[%clk 0:00:35]} 94. Ba4 {[%clk 0:00:15]}  Ke3 {[%clk 0:00:39]} 95. Bd1 {[%clk 0:00:08]}  f3 {[%clk 0:00:42]} 96. Bxf3 {[%clk 0:00:06]}  Kxf3 {[%clk 0:00:46]} 0-1

[Event "Rapid Tournament (RAP)"]
[Site "Biel, CH"]
[Date "2025.07.13"]
[Round "9"]
[White "Pardoen, Theodore"]
[Black "Peter, Raymond"]
[Result "1/2-1/2"]
[Board "34"]
[WhiteFideId "282480"]
[BlackFideId "1308890"]
[WhiteElo "1711"]
[BlackElo "1968"]
[WhiteTeam "BEL"]
[BlackTeam "SUI"]
[WhiteClock "0:04:50"]
[BlackClock "0:09:02"]
[Variant "Standard"]

1. e4 {[%clk 0:15:09]}  Nf6 {[%clk 0:15:09]} 2. e5 {[%clk 0:15:12]}  Nd5 {[%clk 0:15:12]} 3. d4 {[%clk 0:15:11]}  d6 {[%clk 0:15:16]} 4. c4 {[%clk 0:15:06]}  Nb6 {[%clk 0:15:20]} 5. exd6 {[%clk 0:15:06]}  exd6 {[%clk 0:15:23]} 6. Nf3 {[%clk 0:15:06]}  Bg4 {[%clk 0:15:25]} 7. Be3 {[%clk 0:14:59]}  Be7 {[%clk 0:15:28]} 8. Nc3 {[%clk 0:14:59]}  O-O {[%clk 0:15:29]} 9. h3 {[%clk 0:15:00]}  Bh5 {[%clk 0:15:24]} 10. Qe2 {[%clk 0:14:22]}  Bg6 {[%clk 0:15:19]} 11. Qd2 {[%clk 0:14:30]}  h6 {[%clk 0:15:21]} 12. Bd3 {[%clk 0:14:30]}  Bxd3 {[%clk 0:15:20]} 13. Qxd3 {[%clk 0:14:32]}  Nc6 {[%clk 0:15:23]} 14. O-O {[%clk 0:14:30]}  Bf6 {[%clk 0:15:15]} 15. a3 {[%clk 0:14:30]}  Re8 {[%clk 0:14:56]} 16. b4 {[%clk 0:14:10]}  a6 {[%clk 0:14:54]} 17. Rac1 {[%clk 0:14:02]}  d5 {[%clk 0:14:43]} 18. c5 {[%clk 0:13:50]}  Nc4 {[%clk 0:14:43]} 19. Nxd5 {[%clk 0:13:13]}  Nxe3 {[%clk 0:14:25]} 20. Nxf6+ {[%clk 0:13:07]}  Qxf6 {[%clk 0:14:33]} 21. fxe3 {[%clk 0:13:09]}  Rad8 {[%clk 0:14:04]} 22. Rcd1 {[%clk 0:12:47]}  Qe7 {[%clk 0:14:01]} 23. Rfe1 {[%clk 0:12:10]}  Qd7 {[%clk 0:13:50]} 24. d5 {[%clk 0:12:27]}  Ne5 {[%clk 0:13:37]} 25. Nxe5 {[%clk 0:12:28]}  Rxe5 {[%clk 0:13:39]} 26. e4 {[%clk 0:12:23]}  Rde8 {[%clk 0:12:41]} 27. Qc4 {[%clk 0:12:05]}  Qa4 {[%clk 0:12:22]} 28. d6 {[%clk 0:11:02]}  cxd6 {[%clk 0:12:25]} 29. cxd6 {[%clk 0:11:05]}  Qd7 {[%clk 0:12:27]} 30. Qc7 {[%clk 0:10:00]}  Rd8 {[%clk 0:10:52]} 31. Rd4 {[%clk 0:08:48]}  Ree8 {[%clk 0:10:03]} 32. Qxd7 {[%clk 0:07:38]}  Rxd7 {[%clk 0:09:52]} 33. Rc1 {[%clk 0:07:29]}  f6 {[%clk 0:08:29]} 34. a4 {[%clk 0:06:56]}  Red8 {[%clk 0:10:57]} 35. Rc7 {[%clk 0:05:47]}  Kf7 {[%clk 0:09:02]} 36. b5 {[%clk 0:04:50]} 1/2-1/2

[Event "Rapid Tournament (RAP)"]
[Site "Biel, CH"]
[Date "2025.07.13"]
[Round "9"]
[White "Jordan, Theodor"]
[Black "Fragniere, Thierry"]
[Result "1-0"]
[Board "35"]
[WhiteFideId "1353152"]
[BlackFideId "1306537"]
[WhiteElo "1894"]
[BlackElo "2110"]
[WhiteTeam "SUI"]
[BlackTeam "FRA"]
[WhiteClock "0:07:44"]
[BlackClock "0:03:13"]
[Variant "Standard"]

1. e4 {[%clk 0:15:04]}  e6 {[%clk 0:15:05]} 2. d4 {[%clk 0:15:08]}  d5 {[%clk 0:15:10]} 3. Nc3 {[%clk 0:15:12]}  Bb4 {[%clk 0:15:13]} 4. e5 {[%clk 0:15:16]}  c5 {[%clk 0:15:16]} 5. a3 {[%clk 0:15:20]}  Bxc3+ {[%clk 0:15:19]} 6. bxc3 {[%clk 0:15:24]}  Ne7 {[%clk 0:15:23]} 7. h4 {[%clk 0:15:25]}  Nbc6 {[%clk 0:15:26]} 8. Nf3 {[%clk 0:15:19]}  Qa5 {[%clk 0:14:59]} 9. Bd2 {[%clk 0:15:12]}  Qa4 {[%clk 0:14:43]} 10. Be3 {[%clk 0:14:05]}  Nf5 {[%clk 0:13:25]} 11. g4 {[%clk 0:13:45]}  Nxe3 {[%clk 0:14:05]} 12. fxe3 {[%clk 0:13:49]}  b6 {[%clk 0:13:20]} 13. Qb1 {[%clk 0:13:38]}  Ba6 {[%clk 0:13:15]} 14. Qb3 {[%clk 0:13:32]}  Qa5 {[%clk 0:11:47]} 15. Nd2 {[%clk 0:12:59]}  Bxf1 {[%clk 0:10:49]} 16. Rxf1 {[%clk 0:12:57]}  Ke7 {[%clk 0:09:38]} 17. Rb1 {[%clk 0:12:29]}  f6 {[%clk 0:09:35]} 18. exf6+ {[%clk 0:12:20]}  gxf6 {[%clk 0:09:39]} 19. Qb5 {[%clk 0:11:48]}  Qxb5 {[%clk 0:09:24]} 20. Rxb5 {[%clk 0:11:52]}  c4 {[%clk 0:06:29]} 21. e4 {[%clk 0:11:21]}  Rhg8 {[%clk 0:06:25]} 22. exd5 {[%clk 0:11:16]}  exd5 {[%clk 0:06:28]} 23. Rxd5 {[%clk 0:11:06]}  Rxg4 {[%clk 0:06:29]} 24. Rh5 {[%clk 0:11:03]}  Re8 {[%clk 0:06:07]} 25. Nxc4 {[%clk 0:10:54]}  Kf7+ {[%clk 0:05:53]} 26. Kd2 {[%clk 0:10:52]}  Kg6 {[%clk 0:05:55]} 27. Rhf5 {[%clk 0:10:48]}  Ne7 {[%clk 0:04:53]} 28. Rxf6+ {[%clk 0:10:23]}  Kh5 {[%clk 0:04:47]} 29. R6f4 {[%clk 0:09:19]}  Rg2+ {[%clk 0:04:35]} 30. R1f2 {[%clk 0:09:21]}  Rg3 {[%clk 0:03:31]} 31. Re4 {[%clk 0:08:02]}  Rc8 {[%clk 0:03:31]} 32. Ne3 {[%clk 0:07:52]}  Rc7 {[%clk 0:03:14]} 33. Rf7 {[%clk 0:07:40]}  Nd5 {[%clk 0:03:13]} 34. Rf5+ {[%clk 0:07:44]} 1-0

[Event "Rapid Tournament (RAP)"]
[Site "Biel, CH"]
[Date "2025.07.13"]
[Round "9"]
[White "Zenker, Ulrich"]
[Black "Birchmeier, Martin"]
[Result "1-0"]
[Board "36"]
[WhiteFideId "4614976"]
[BlackFideId "1318268"]
[WhiteTitle "FM"]
[WhiteElo "2081"]
[BlackElo "1779"]
[WhiteTeam "GER"]
[BlackTeam "SUI"]
[WhiteClock "0:00:56"]
[BlackClock "0:00:20"]
[Variant "Standard"]

1. e4 {[%clk 0:15:07]}  e5 {[%clk 0:15:10]} 2. Nf3 {[%clk 0:15:09]}  Nc6 {[%clk 0:15:14]} 3. Bb5 {[%clk 0:15:12]}  Bc5 {[%clk 0:15:17]} 4. d3 {[%clk 0:14:20]}  Nd4 {[%clk 0:14:42]} 5. Nxd4 {[%clk 0:14:21]}  Bxd4 {[%clk 0:14:46]} 6. c3 {[%clk 0:14:07]}  Bb6 {[%clk 0:14:50]} 7. Nd2 {[%clk 0:13:09]}  c6 {[%clk 0:14:53]} 8. Ba4 {[%clk 0:13:07]}  Nf6 {[%clk 0:14:28]} 9. Nf3 {[%clk 0:12:33]}  d6 {[%clk 0:14:30]} 10. Bg5 {[%clk 0:11:07]}  Bg4 {[%clk 0:14:01]} 11. h3 {[%clk 0:10:54]}  Bh5 {[%clk 0:14:00]} 12. g4 {[%clk 0:09:03]}  Bg6 {[%clk 0:14:04]} 13. Qe2 {[%clk 0:09:01]}  Qe7 {[%clk 0:13:05]} 14. O-O-O {[%clk 0:08:17]}  O-O-O {[%clk 0:13:06]} 15. Nd2 {[%clk 0:05:27]}  h6 {[%clk 0:13:05]} 16. Bh4 {[%clk 0:05:16]}  h5 {[%clk 0:13:04]} 17. Qf3 {[%clk 0:03:48]}  hxg4 {[%clk 0:11:13]} 18. hxg4 {[%clk 0:02:31]}  d5 {[%clk 0:10:49]} 19. Bxf6 {[%clk 0:03:12]}  gxf6 {[%clk 0:10:52]} 20. Qe2 {[%clk 0:03:03]}  Qc5 {[%clk 0:09:58]} 21. f3 {[%clk 0:03:00]}  d4 {[%clk 0:08:01]} 22. c4 {[%clk 0:02:40]}  Qb4 {[%clk 0:07:25]} 23. Bb3 {[%clk 0:02:37]}  Ba5 {[%clk 0:06:43]} 24. a3 {[%clk 0:02:22]}  Qb6 {[%clk 0:06:47]} 25. Kc2 {[%clk 0:02:19]}  Qc7 {[%clk 0:04:51]} 26. Ba2 {[%clk 0:02:18]}  c5 {[%clk 0:03:59]} 27. Nb3 {[%clk 0:01:56]}  Bb6 {[%clk 0:04:04]} 28. Rh2 {[%clk 0:01:57]}  Qe7 {[%clk 0:03:42]} 29. Rdh1 {[%clk 0:02:00]}  Rhg8 {[%clk 0:02:59]} 30. Qd2 {[%clk 0:01:56]}  Qc7 {[%clk 0:02:49]} 31. Nc1 {[%clk 0:01:55]}  Ba5 {[%clk 0:02:46]} 32. b4 {[%clk 0:01:58]}  Bb6 {[%clk 0:02:31]} 33. Ne2 {[%clk 0:01:46]}  Qd7 {[%clk 0:02:18]} 34. Bb3 {[%clk 0:01:46]}  a6 {[%clk 0:02:11]} 35. Kb2 {[%clk 0:01:48]}  Kb8 {[%clk 0:02:14]} 36. Qc2 {[%clk 0:01:50]}  cxb4 {[%clk 0:01:56]} 37. axb4 {[%clk 0:01:32]}  Qe7 {[%clk 0:01:38]} 38. c5 {[%clk 0:01:55]}  Bc7 {[%clk 0:01:38]} 39. Bd5 {[%clk 0:01:57]}  Qd7 {[%clk 0:01:32]} 40. Qb3 {[%clk 0:01:42]}  Rgf8 {[%clk 0:01:12]} 41. Qc4 {[%clk 0:01:26]}  Qa4 {[%clk 0:00:32]} 42. Ra1 {[%clk 0:01:29]}  Qd7 {[%clk 0:00:35]} 43. Rxa6 {[%clk 0:01:14]}  Rh8 {[%clk 0:00:17]} 44. Ra8+ {[%clk 0:01:11]}  Kxa8 {[%clk 0:00:20]} 45. Qa6+ {[%clk 0:00:56]} 1-0